Normal view
MARC view
Entry Personal Name
001 - CONTROL NUMBER
- control field: 167296
003 - CONTROL NUMBER IDENTIFIER
- control field: OSt
005 - DATE AND TIME OF LATEST TRANSACTION
- control field: 20220923223312.0
008 - FIXED-LENGTH DATA ELEMENTS
- fixed length control field: 220923|| aca||aabn | a|a d
040 ## - CATALOGING SOURCE
- Original cataloging agency: OSt
- Transcribing agency: OSt
100 ## - HEADING--PERSONAL NAME
- Personal name: पुणेकर, शंकर मोकाशी; नारायण, बी आर, अनु
670 ## - SOURCE DATA FOUND
- Source citation: Work cat.: (OSt)363418: पुणेकर, शंकर मोकाशी; नारायण, बी आर, अनु., गंगाव्वा गंगामाई, 1976
